000
00288nam a2200121Ia 4500
008
190216s9999||||xx |||||||||||||| ||und||
100
_a
Mahesh Parimal
245
0
_a
Hindi-Likho Pati Pyar Bhari
260
_b
Duke University Press
_c
2010
300
_a
121
650
_a
Hindi
942
_c
BK
999
_c
16764
_d
16764